Normal view
MARC view
- Haris Najeeb
Entry Personal Name
001 - CONTROL NUMBER
- control field: 35999
003 - CONTROL NUMBER IDENTIFIER
- control field: NUST
005 - DATE AND TIME OF LATEST TRANSACTION
- control field: 20210312152059.0
008 - FIXED-LENGTH DATA ELEMENTS
- fixed length control field: 210312|| aca||aabn | a|a d
040 ## - CATALOGING SOURCE
- Original cataloging agency: NUST
- Transcribing agency: NUST
100 ## - HEADING--PERSONAL NAME
- Personal name: Haris Najeeb
670 ## - SOURCE DATA FOUND
- Source citation: Work cat.: (NUST)15086: Hussnain 35994, Neoteric Method for Production of Cement using Coal Slurry as an Alternative Raw Materials and its Impacts , 2020.
